Kpop groupes par couverture d'albums - Statistiques

Statistiques générales
  • Ce quiz a été pris 530 fois
  • Le résultat moyen est 10 sur 16
Statistiques - réponses
Par images Réponse % Correct
Blackpink
97%
aespa
85%
Itzy
85%
ILLIT
83%
TXT
83%
Le Sserafim
80%
Ateez
77%
BTS
75%
Enhypen
74%
Nmixx
64%
Xikers
43%
Badvillain
39%
P1Harmony
26%
GFriend
25%
The Boyz
17%
Oneus
16%
Aucun quiz correspondant
Distribution des résultats
% des personnes avec chaque résultat
Percentile par nombre de réponses
Votre historique - résultats
Vous n’avez pas pris ce quiz